=LDR 00000nam 2200000 4500 =001 INLIS000000000052786 =005 20250312011304 =035 ##$$a 0010-0318000013 =007 ta =008 250312################g##########0#ind## =020 ##$$a 978-979-756-954-9 =082 ##$$a 573.6 =084 ##$$a 573.6 AND b =100 #$$a Andi Mushawwir =245 1#$$a Biologi sintesis telur : $b Perspektif fisiologi, biokimia dan molekuler produksi telur /$c Andi Mushawwir, S.Pt.,M.P., Dr. Ir. Diding Latipudin, M.Si. =260 ##$$a Yogyakarta :$b Graha Ilmu,$c 2013 =300 ##$$a xvi, 162 hlm. : $b ilus. ; $c 26x21 cm. =500 ##$$a Biografi : hlm. 161-162 =650 #4$$a Telur-Fisiologi =504 ##$$a Bibliografi : hlm. 129-148 =700 #$$a Diding Latipudin =990 ##$$a 21708880 =990 ##$$a 21708879 =990 ##$$a 21708878 =990 ##$$a 21708877 =990 ##$$a 21708876